| 000 | 00451nam a2200145Ia 4500 | ||
|---|---|---|---|
| 008 | 210430s9999 xx 000 0 und d | ||
| 020 | _a0136152503 (paperback) | 97801 | ||
| 082 | _a5.133 | ||
| 100 |
_aDeitel, Paul J. _914019 |
||
| 245 |
_aC++ how to program / _cDeitel, Paul J. |
||
| 260 |
_a[S.l.] : _bPrentice Hall, _c2007 |
||
| 300 | _a1504 p. ; | ||
| 856 | _uhttp://www.amazon.com/exec/obidos/ASIN/0136152503/chopaconline-20 | ||
| 942 |
_cBK _2ddc |
||
| 999 |
_c563741 _d563741 |
||